|
|
|
|
| LEADER |
00000nam a22000007a 4500 |
| 005 |
20130222132509.0 |
| 007 |
cr|||| |||| |
| 008 |
130222e2002 sp |||||s|||| 00||0 spa d |
| 020 |
|
|
|a 978-84-15591-47-4
|
| 035 |
|
|
|a 7059
|
| 040 |
|
|
|a vLex
|
| 090 |
|
|
|c 3731
|d 3731
|
| 100 |
1 |
0 |
|a Garca̕ Cuadrado, Antonio Mara̕
|
| 245 |
1 |
3 |
|a El Ordenamiento Constitucional (un enfoque histr̤ico y formal de la Teora̕ de la Constitucin̤ y de las Fuentes del Derecho)
|h [Recurso electrn̤ico]
|
| 256 |
|
|
|a Servicio en ln̕ea
|
| 260 |
|
|
|a Alicante :
|b Editorial Club Universitario,
|c 2002
|
| 300 |
|
|
|a 1 Recurso electrn̤ico
|
| 650 |
0 |
4 |
|a Derecho constitucional
|z Espaą
|
| 650 |
0 |
4 |
|a Fuentes del Derecho
|
| 740 |
|
|
|a vLex Libros (Servicio en ln̕ea)
|
| 856 |
|
|
|a Acceso restringido
|u http://www.vlex.com/source/7059
|
| 942 |
|
|
|c BOOK
|
| 999 |
|
0 |
|a Constitutional law
|